000 00357 a2200169 4500
001 188139
020 _a85-16-03612-X
040 _cMagnum
100 _aKupstas, Marcia
240 1 0 _aCrescer é perigoso
_lpor
245 1 0 _aCrescer é perigoso
300 _a136
362 0 _a2008
440 1 _aModerna
697 _aLITERATURA JUVENIL
942 _cBK
999 _c188139
_d188139